| 000 | 007710000a22002170004500 | ||
|---|---|---|---|
| 003 | LK-CoMWRAF | ||
| 005 | 20231120112411.0 | ||
| 008 | 230817t2001 ||||| |||| 00| 0 eng d | ||
| 020 | _a9558658006 | ||
| 040 |
_aLK-CoMWRAF _dLK-CoMWRAF _eLK-CoMWRAF |
||
| 041 | _aeng | ||
| 082 |
_a362.87 _bHAS |
||
| 100 | _aHasbullah, S.H. | ||
| 245 |
_aMuslim Refugees: _bThe Forgotten People in Sri Lanka's Ethnic Conflict |
||
| 260 |
_aNuraicholai: _bResearch and Action Forum for Social Development (RAAF), _c2001 |
||
| 300 |
_axi,101p. ill., maps ; 23 cm. _bBibliography included |
||
| 490 | _aVolume 1 - Introduction | ||
| 650 | _aMUSLIMS-Sri Lanka-Northern Provinces--Economic conditions | ||
| 650 | _aMuslims--Sri Lanka--Northern Provinces--Social conditions. | ||
| 942 | _cBK | ||
| 999 |
_c1684 _d1684 |
||